Encyclopedia of policy studies / (Record no. 107957)

MARC details
000 -LEADER
campo de control de longitud fija 00479nam a2200181 4500
001 - NÚMERO DE CONTROL
campo de control 25100
005 - FECHA Y HORA DE LA ÚLTIMA TRANSACCIÓN
campo de control 20230411085829.0
008 - DATOS DE LONGITUD FIJA--INFORMACIÓN GENERAL
campo de control de longitud fija 060907n1983 dr spa
020 ## - NÚMERO INTERNACIONAL ESTÁNDAR DEL LIBRO
Número Internacional Estándar del Libro 0824711998
035 ## - NÚMERO DE CONTROL DEL SISTEMA
-- funglode25291
041 ## - CÓDIGO DE IDIOMA
Código de lengua del texto/banda sonora o título independiente EN
050 14 - SIGNATURA TOPOGRÁFICA DE LA BIBLIOTECA DEL CONGRESO
Número de clasificación R H 97 E56 1983
245 0# - MENCIÓN DEL TÍTULO
Título Encyclopedia of policy studies /
Mención de responsabilidad, etc. edited by Stuart Nagel
260 ## - PUBLICACIÓN, DISTRIBUCIÓN, ETC.
Lugar de publicación, distribución, etc. New York :
Nombre del editor, distribuidor, etc. Marcel Derker,
Fecha de publicación, distribución, etc. 1983
300 ## - DESCRIPCIÓN FÍSICA
Extensión xxii, 914 p.
700 ## - ENTRADA AGREGADA--NOMBRE PERSONAL
Nombre de persona Nagel, Stuart S.
942 ## - ELEMENTOS DE ENTRADA SECUNDARIOS (KOHA)
Fuente del sistema de clasificación o colocación Clasificación de Library of Congress
Tipo de ítem Koha
Holdings
Estatus retirado Estado de pérdida Fuente del sistema de clasificación o colocación Estado de daño No para préstamo Colección Biblioteca de origen Biblioteca actual Ubicación en estantería Fecha de adquisición Signatura topográfica completa Código de barras Visto por última vez Copia número Tipo de ítem Koha
    Clasificación de Library of Congress     Referencia Biblioteca Juan Bosch Biblioteca Juan Bosch Referencia (1er. Piso) 17/02/2019 R H 97 E56 1983 00000024149 17/02/2019 1